| 000 | 00436nam a22001457a 4500 | ||
|---|---|---|---|
| 999 |
_c7741 _d7739 |
||
| 005 | 20210323141840.0 | ||
| 008 | 210323b ||||| |||| 00| 0 eng d | ||
| 082 | _a345.408 23 | ||
| 100 |
_aMANOHAR AND CHETALEY _96504 |
||
| 245 | _aTHE AIR MANUAL CIVIL AND CRIMINAL [CONSTITUTION OF INDIA ARTICLE 19 TO ARTICLE 18] [VOL-9] | ||
| 260 |
_aNAGPUR _bTHE ALL INDIA REPORTER PVT.LTD |
||
| 300 | _a1372,p | ||
| 650 |
_aLAW _95701 |
||
| 942 | _cJRL | ||